| 000 | 00000nam 2200000za 4500 |
| 001 | 9.808657 |
| 003 | CaOODSP |
| 005 | 20240327104108 |
| 007 | cr ||||||||||| |
| 008 | 170405s2016 onca obf f000 0 fre d |
| 020 | |a978-0-660-04135-3 |
| 040 | |aCaOODSP|bfre |
| 043 | |an-cn--- |
| 086 | 1 |aCH44-157/2016F-PDF |
| 245 | 03|aLa méthode ABC pour appliquer la gestion des risques à la préservation des biens culturels |h[ressource électronique]. |
| 260 | |aOttawa : |bInstitut canadien de conservation, |cc2016. |
| 300 | |a175 p. : |bill. en coul. |
| 500 | |aPubl. aussi en anglais sous le titre : The ABC method: a risk management approach to the preservation of cultural heritage. |
| 500 | |a« Cette publication a été conçue en partenariat avec l’ICCROM (Centre international d’études pour la conservation et la restauration des biens culturels) »--Verso de la couv. |
| 500 | |aComprend un glossaire. |
| 504 | |aComprend des références bibliographiques (p. 171-172). |
| 520 | |a« Ce manuel offre une compréhension globale de la gestion des risques appliquée à la préservation des biens culturels, qu’il s’agisse de collections, de bâtiments ou de sites. Il propose une méthode étape par étape et une variété d’outils pour aider le professionnel du patrimoine à appliquer la méthode ABC à son propre contexte. On peut appliquer la méthode à une vaste gamme de situations, de l’analyse d’un seul risque à l’appréciation exhaustive de tous les risques auquel est exposé un bien patrimonial »--Fournis par l'éditeur. |
| 692 | 07|2gccst|aProtection du patrimoine |
| 692 | 07|2gccst|aGestion des risques |
| 692 | 07|2gccst|aManuel |
| 710 | 2 |aCentre international d’eĢtudes pour la conservation et la restauration des biens culturels. |
| 710 | 1 |aCanada. |bPatrimoine canadien. |
| 710 | 2 |aInstitut canadien de conservation. |
| 775 | 08|tThe ABC method |w(CaOODSP)9.808656 |
| 856 | 40|qPDF|s3.22 Mo|uhttps://publications.gc.ca/collections/collection_2017/pch/CH44-157-2016-fra.pdf |